书目信息 |
| 题名: |
WTO保障措施成案研究
|
|
| 作者: | 王军 , 郭策 , 张红 著 | |
| 分册: | ||
| 出版信息: | 北京 北京大学出版社 2008.12 |
|
| 页数: | 385页 | |
| 开本: | 23cm | |
| 丛书名: | 国际经济法论丛 | |
| 单 册: | ||
| 中图分类: | D996.1 | |
| 科图分类: | ||
| 主题词: | ||
| 电子资源: | ||
| ISBN: | 978-7-301-14355-1 | |
| 000 | 01183nam 2200301 450 | |
| 001 | 012009034861 | |
| 005 | 20090820112502.04 | |
| 010 | @a978-7-301-14355-1@dCNY48.00 | |
| 100 | @a20090820d2008 em y0chiy0120 ea | |
| 101 | 0 | @achi |
| 102 | @aCN@b110000 | |
| 105 | @ay z 000yy | |
| 106 | @ar | |
| 200 | 1 | @aWTO保障措施成案研究@AWTO bao zhang cuo shi cheng an yan jiu@e1995-2005年@d= WTO safeguard case studies@e1995-2005@f王军, 郭策, 张红著@Fwang jun,guo ce,zhang hong zhu@zeng |
| 210 | @a北京@c北京大学出版社@d2008.12 | |
| 215 | @a385页@d23cm | |
| 225 | 2 | @a国际经济法论丛@Aguo ji jing ji fa lun cong |
| 300 | @a北京市社会科学理论著作出版基金资助 | |
| 330 | @a本书从WTO争端解决机构的报告入手,分别采取案例线索和条文线索的方法,展现当前WTO争端解决机构对于保障措施这一重要的贸易救济手段在规则层面的理解。 | |
| 410 | 0 | @12001 @a国际经济法论丛 |
| 510 | 1 | @aWTO safeguard case studies@e1995-2005@zeng |
| 601 | 02 | @a世界贸易组织@Ashi jie mao yi zu zhi@x保护贸易@x案例@x分析 |
| 690 | @aD996.1@v4 | |
| 701 | 0 | @a王军@Awang jun@4著 |
| 701 | 0 | @a郭策@Aguo ce@4著 |
| 701 | 0 | @a张红@Azhang hong@4著 |
| 801 | 0 | @aCN@bQSSK@c20090820 |
| 905 | @b751174-76@dD996.1@eW235@f3 | |
| WTO保障措施成案研究:1995-2005年= WTO safeguard case studies:1995-2005/王军, 郭策, 张红著.-北京:北京大学出版社,2008.12 |
| 385页;23cm.-(国际经济法论丛) |
| 北京市社会科学理论著作出版基金资助 |
| ISBN 978-7-301-14355-1:CNY48.00 |
| 本书从WTO争端解决机构的报告入手,分别采取案例线索和条文线索的方法,展现当前WTO争端解决机构对于保障措施这一重要的贸易救济手段在规则层面的理解。 |
| ● |
| 相关链接 |
|
|
|
正题名:WTO保障措施成案研究
索取号:D996.1/W235
 
预约/预借
| 序号 | 登录号 | 条形码 | 馆藏地/架位号 | 状态 | 备注 |
| 1 | 751174 | 207511744 | 社科库509/509社科库 110排2列3层/ [索取号:D996.1/W235] | 在馆 | |
| 2 | 751175 | 207511753 | 社科库509/509社科库 110排2列3层/ [索取号:D996.1/W235] | 在馆 | |
| 3 | 751176 | 207511762 | 社科库509/509社科库 110排2列3层/ [索取号:D996.1/W235] | 在馆 |